000
00314nam a2200133 a 4500
005
20140414132014.0
008
100728s19uu xx 00 eng d
050
_a
TR
_b
AP5 2000
100
_a
Gibbons, Gail
245
_a
Apples.
260
_a
New York :
_b
Scholastic,
_c
2000.
650
_a
Apples
999
_c
113338
_d
113338